BIBLIOTHÈQUE DE LA MAISON DU MEXIQUE

Logo 1 Logo 2

Pouvoir militaire et société au Pérou aux XIXe et XXe siècles (notice nᵒ 11250)

détails MARC
000 -Sello discográfico
campo de control de longitud fija 00913nam a2200289 4500
005 - Identificación de versión
campo de control 20250925141539.0
010 ## - Número Estándar Internacional de Libros (ISBN)
Número (ISBN) 2-85944-360-6
035 ## - Otros números de control del sistema
Número de control del sistema 13019
099 ## - fechas locales
Tipo de ítem Koha LIBRO
100 ## - Datos de procesamiento general
Datos de procesamiento general 20040428d1999 m y1spay5003 ba
105 ## - Campo de datos codificados: Material textual, monográfico
Datos codificados de monografía y 001zy
200 1# - Título y mención de responsabilidad
Título propio Pouvoir militaire et société au Pérou aux XIXe et XXe siècles
Designación general del material texto impreso
Primer mención de responsabilidad Lucie Bullick
210 ## - Publicación, distribución, etc.
Lugar de publicación, distribución, etc. Paris
Nombre del editor, distribuidor, etc. Publications de la Sorbonne
Fecha de publicación, distribución, etc. 1999
215 ## - Descripción física
Designación de material específico y extensión del ítem 350 p
Dimensiones 24 cm
345 ## - Nota de información de adquisición
Fuente de adquisición/dirección de la suscripción [OBSOLETO] Donación
410 #1 - Series
Título Homme et société
Número Internacional Normalizado para Publicaciones Seriadas 0292-6679
Número de volumen 38
607 ## - Nombre geográfico utilizado como tema
Elemento de entrada Perú
Subdivisión temática Instituciones políticas
Número Koha 17882
607 ## - Nombre geográfico utilizado como tema
Elemento de entrada Perú
Subdivisión temática Política y gobierno
Número Koha 17883
700 ## - Nombre personal - Responsabilidad primaria
Elemento de entrada Bullick
Parte del nombre distinta del elemento de entrada Lucie
Número Koha 17884
801 #0 - Fuente de origen
Agencia cm
900 ## -
-- 1/7264
900 ## -
-- 7100419028\280404
942 ## - ELEMENTOS DE ENTRADA SECUNDARIOS (KOHA)
Tipo de ítem Koha Livre
996 ## -
-- MEX
-- 751145101
-- MMAG
-- 003585
-- 900 S713 V.4
-- 20191115LIV
Exemplaires
Estatus retirado Estado de daño Estado de pérdida Fecha de adquisición Biblioteca de origen Biblioteca actual Ubicación en estantería Código de barras Precio de reemplazo Signatura topográfica completa No para préstamo Tipo de ítem Koha Nota pública Nota no pública
      05/08/2025 Casa México Paris Casa México Paris   003585 05/08/2025 900 S713 V.4   Livre 20191115LIV 751145101